000 00975nam a22003017a 4500
003 CHAP
005 20220329141634.0
008 971013s1977 r 00010 d
010 _a71448
011 _a72420
035 _a81975
040 _cCHAP
090 _aTesis
100 0 0 _aGallegos Monárrez, Juan Ismael.
_944411
245 _aCría artificial de abejas reinas por el método Doolittle y en colmenas jumbo
260 _aMéxico, D.F.,
_c1977
300 _a53 h.
_b: gráfs.
502 _aTesis (Médico Veterinario Zootecnista) -- UNAM. Fac. de Medicina Veterianria y Zootecnia
590 _aALEPH
_b10
_c20130110
_lUCH01
_h1411
590 _aBATCH-UPD
_b10
_c20130110
_lUCH01
_h1105
590 _aBATCH-UPD
_b10
_c20130410
_lUCH01
_h0657
590 _aBATCH-UPD
_b10
_c20130913
_lUCH01
_h1820
590 _aCONVERSION
_b10
_c20130109
_lUCH01
_h1339
650 1 4 _aAbejas reina.
_9196
901 _aBK
942 _cTESIS
949 _bBC
_cTES
_d-35731
_eTS1
_i81975
_si
999 _c71448
_d71448